An alphabetical index of Sanskrit manuscripts in the Government Oriental Manuscripts Library, Madras, (Record no. 63640)
[ view plain ]
| 000 -LEADER | |
|---|---|
| fixed length control field | 00990cam a2200253 4500 |
| 001 - CONTROL NUMBER | |
| control field | sa 65004258 |
| 003 - CONTROL NUMBER IDENTIFIER | |
| control field | DLC |
| 005 - DATE AND TIME OF LATEST TRANSACTION | |
| control field | 20260227112129.0 |
| 008 - FIXED-LENGTH DATA ELEMENTS--GENERAL INFORMATION | |
| fixed length control field | 710324m19389999ii c 000 0 eng |
| 010 ## - LIBRARY OF CONGRESS CONTROL NUMBER | |
| LC control number | sa 65004258 |
| 040 ## - CATALOGING SOURCE | |
| Original cataloging agency | DLC |
| Transcribing agency | DLC |
| Modifying agency | DLC |
| 043 ## - GEOGRAPHIC AREA CODE | |
| Geographic area code | a-ii--- |
| 050 00 - LIBRARY OF CONGRESS CALL NUMBER | |
| Classification number | Z6605.S3 |
| Item number | M3 |
| 082 00 - DEWEY DECIMAL CLASSIFICATION NUMBER | |
| Classification number | 015/.54 |
| 110 2# - MAIN ENTRY--CORPORATE NAME | |
| Corporate name or jurisdiction name as entry element | Government Oriental Manuscripts Library (Tamil Nadu, India) |
| 245 13 - TITLE STATEMENT | |
| Title | An alphabetical index of Sanskrit manuscripts in the Government Oriental Manuscripts Library, Madras, |
| Statement of responsibility, etc. | by S. Kuppuswami Sastri and P. P. Subrahmanya Sastri. Prepared under the orders of the Government of Madras. |
| 260 ## - PUBLICATION, DISTRIBUTION, ETC. | |
| Place of publication, distribution, etc. | Madras, |
| Name of publisher, distributor, etc. | Printed by the Superintendent, Govt. Press, |
| Date of publication, distribution, etc. | 1938- |
| 300 ## - PHYSICAL DESCRIPTION | |
| Extent | v. |
| Dimensions | 25-33 cm. |
| 500 ## - GENERAL NOTE | |
| General note | Cover title. |
| 500 ## - GENERAL NOTE | |
| General note | Vols. 2-3, by P. P. Subrahmanya Sastri. |
| 650 #0 - SUBJECT ADDED ENTRY--TOPICAL TERM | |
| Topical term or geographic name entry element | Manuscripts, Sanskrit |
| Geographic subdivision | India |
| -- | Chennai |
| Form subdivision | Catalogs. |
| 700 1# - ADDED ENTRY--PERSONAL NAME | |
| Personal name | Kuppuswami Sastri, S., |
| Dates associated with a name | 1880-1943. |
| 700 1# - ADDED ENTRY--PERSONAL NAME | |
| Personal name | Subrahmanya Sastri, P. P. |
| Fuller form of name | (Palamadai Pichumani) |
No items available.